Valuation measuring and managing the value of companies

Guardado en:
Detalles Bibliográficos
Autor principal: Koller, Tim
Otros Autores: Goedhart, Marc, Wessels, David
Formato: Libro
Lenguaje:inglés
Publicado: Hoboken Wiley 2015
Edición:6th ed.
Materias:
Etiquetas: Agregar Etiqueta
Sin Etiquetas, Sea el primero en etiquetar este registro!

MARC

LEADER 00000nam a2200000 4500
001 0219289
005 20240306140501.3
020 |a 978-1-118-87370-0 
041 0 |a eng 
044 |a US 
245 1 0 |a Valuation  |b measuring and managing the value of companies  |c Tim Koller, Marc Goedhart, David Wessels 
250 |a 6th ed. 
264 1 |a Hoboken  |b Wiley  |c 2015 
300 |a xvii, 825 s. 
610 2 0 |a hodnota podniku 
610 2 0 |a riadenie 
610 2 0 |a meranie 
610 2 0 |a trh akciový 
610 2 0 |a oceňovanie ekonomické 
610 2 0 |a kapitál 
610 2 0 |a náklady 
610 2 0 |a inflácia 
610 2 0 |a stratégia podniková 
610 2 0 |a spoločnosti 
610 2 0 |a banky 
610 2 0 |a flexibilita 
610 2 0 |a cash flow 
610 2 0 |a kapitál vlastný 
610 2 0 |a modely ekonometrické 
100 1 |a Koller, Tim 
700 1 |a Goedhart, Marc 
700 1 |a Wessels, David